000 00762nam a2200229 a 4500
001 47375
003 BD-RjUL
005 20211209054313.0
008 160808r20051994ii ||||| |||| 00| 0 ben d
020 _a8170795672
_c: Tk. 80.00
035 _a(BD-RjUL)47494
040 _aBD-RjUL
_bben
_cBD-RjUL
041 _aben
082 _223
_a364
_bMIT 2005
100 1 _aমিত্র, অশোক
_9121303
245 1 0 _aতাল-বেতাল /
_cঅশোক মিত্র
260 _aকলকাতা :
_bদে'জ পাবলিশিং,
_c১৯৯৪ [মুদ্রণ ২০০৫]
300 _a২০২ পৃ. ;
_c২২ সেমি.
650 _aঅপরাধতত্ব
_9144138
650 _acriminology
_9144139
942 _2ddc
_cBK
999 _c47375
_d47375